| 000 | 01038nam a2200265 i 4500 | ||
|---|---|---|---|
| 001 | 186375 | ||
| 003 | ES-MaACL | ||
| 005 | 20230906222646.0 | ||
| 008 | 161031s1981 xxk |||| | grc d | ||
| 020 | _a0-19-814566-7 | ||
| 080 | _a111.852 | ||
| 100 | 0 |
_aLongino. _973244 |
|
| 245 | 1 | 0 |
_aLibellus de sublimitate / _cDionysio Longino fere adscriptus ; recognovit brevique adnotatione critica instruxit D.A. Russell. |
| 260 |
_aOxonii : _bE Typographeo Clarendoniano ; _aOxford : _bOxford University Press, _c1981. |
||
| 300 |
_aIX, 94 p. ; _c19 cm. |
||
| 490 | 1 | _aScriptorum classicorum bibliotheca Oxoniensis | |
| 490 | 1 | _aOxford classical texts | |
| 594 | _aTexto griego; introducción y notas en latín. | ||
| 650 | 0 | 4 |
_aRetórica- _vObras anteriores a 1800. _916886 |
| 700 | 1 |
_aRussell, Donald A. _9161142 |
|
| 830 | 0 |
_aScriptorum classicorum bibliotheca Oxoniensis _9185200 |
|
| 830 | 0 |
_aOxford classical texts _9192539 |
|
| 852 |
_aES-MaACL _jL-30744 _z- enc. cart. _z. - Donat. Miguel A. Velasco |
||
| 999 |
_c186375 _d186375 |
||